Central Library OPAC University of Rajshahi

New Zealand / (Record no. 64604)

MARC details
000 -LEADER
fixed length control field 00698nam a2200241 a 4500
001 - CONTROL NUMBER
control field 64604
003 - CONTROL NUMBER IDENTIFIER
rucl marc code BD-RjUL
005 - DATE AND TIME OF LATEST TRANSACTION
control field 20211209081327.0
008 - FIXED-LENGTH DATA ELEMENTS--GENERAL INFORMATION
fixed length control field 170216r19571950enkb b 001 0 eng d
035 ## - SYSTEM CONTROL NUMBER
System control number (BD-RjUL)
040 ## - CATALOGING SOURCE
Original cataloging agency NZOC
Language of cataloging eng
Transcribing agency NZOC
Modifying agency BD-RjUL
041 ## - LANGUAGE CODE
Language code of text/sound track or separate title eng
082 04 - DEWEY DECIMAL CLASSIFICATION NUMBER
Classification number 993
Edition number 23
Author mark and year MIN 1957
100 1# - MAIN ENTRY--PERSONAL NAME
Personal name Miller, Harold,
Dates associated with a name 1898-
9 (RLIN) 191610
245 10 - TITLE STATEMENT
Title New Zealand /
Statement of responsibility, etc. by Harold Miller.
260 ## - PUBLICATION, DISTRIBUTION, ETC. (IMPRINT)
Place of publication, distribution, etc. London :
Name of publisher, distributor, etc. Hutchinson's University Library,
Date of publication, distribution, etc. 1950 [Fourth impression 1957]
300 ## - PHYSICAL DESCRIPTION
Pagination 155 p. :
Illustrations ill. ;
Size 19 cm.
500 ## - GENERAL NOTE
General note Includes index.
504 ## - BIBLIOGRAPHY, ETC. NOTE
Bibliography, etc Bibliography: p. 147-150.
510 4# - CITATION/REFERENCES NOTE
Name of source Bagnall
Location within source M1691
651 #0 - SUBJECT ADDED ENTRY--GEOGRAPHIC NAME
Geographic name New Zealand
General subdivision History.
9 (RLIN) 191611
942 ## - ADDED ENTRY ELEMENTS (KOHA)
Source of classification or shelving scheme Dewey Decimal Classification
Koha item type Books
Holdings
Lost status Source of classification or shelving scheme Damaged status Not for loan Collection code Permanent Location Current Location Shelving location Date acquired Source of acquisition Total Checkouts Full call number Date last seen Copy number Koha item type
  Dewey Decimal Classification   Not For Loan Non-fiction Central Library, University of Rajshahi Central Library, University of Rajshahi Reading Room   1962-12-12   993 MIN 1957 16/02/2017 C-1 Books